Η εκκλησία από του ραδιοφώνου : ομιλίαι πρός την νεολαίαν : έτος Α'-1948

Αποθηκεύτηκε σε:
Λεπτομέρειες βιβλιογραφικής εγγραφής
Συγγραφή απο Οργανισμό/Αρχή: Αποστολική Διακονία της Εκκλησίας της Ελλάδος
Μορφή: Βιβλίο
Γλώσσα:Greek
German
Δημοσίευση: Αθήναι : Αποστολική διακονία, 1949
Σειρά:Βιβλιοθήκη Αποστολικής Διακονίας ; ; 15
Θέματα:
Ετικέτες: Προσθήκη ετικέτας
Δεν υπάρχουν, Καταχωρήστε ετικέτα πρώτοι!

MARC

LEADER 00000cam a2200000 i 4500
001 1/82435
008 050728s1949 gre d
035 |l 10079525 
040 |a GR-MY-UA  |b gre  |e aacr 
041 0 |a gre  |h ger 
082 0 |a 201.6508  |2 (22) 
110 2 |a Αποστολική Διακονία της Εκκλησίας της Ελλάδος. 
245 1 2 |a Η εκκλησία από του ραδιοφώνου :  |b ομιλίαι πρός την νεολαίαν : έτος Α'-1948 
260 |a Αθήναι :   |b Αποστολική διακονία,   |c 1949 
300 |a 175 σ.;  |c 25 εκ. 
490 1 |a Βιβλιοθήκη αποστολικής διακονίας  |v ; 15 
500 |a Με: Η φύσις, το θαύμα του Θεού. - Η εκκλησία από του ραδιοφώνου (13). - Πορείες κι' αλήθειες για τον αγαπημένο μου Χριστό / Αρχιμ. Ειρηναίου Γαληνάκη. - Ηρωίδες της χριστιανικής αγάπης. - Ευάγγελου Δ. Θεοδώρου 
650 0 0 |a Religion and science. 
830 0 |a Βιβλιοθήκη Αποστολικής Διακονίας ;  |v ; 15 
852 |a INST  |b RHODES  |c KRI  |e 20050728  |h  201.6508 ΦΥΣ  |p 005400022702  |q 005400022702  |t BK  |y 0 
901 |a BIBL4-2005-2 
909 |a Ρ  |b 122047 
970 |a ΚΟΖΑ  |b ΜΑΡΙΑ  |z 2005/07/28